| 000 | 00467nam a2200181Ia 4500 | ||
|---|---|---|---|
| 005 | 20250421174300.0 | ||
| 008 | 231217s9999 xx 000 0 und d | ||
| 020 | _a9788131724262 | ||
| 082 | _a621.38415 SCH;33 | ||
| 100 | _aSchiller, Jochen H. | ||
| 245 | 0 | _aMobile communications | |
| 250 | _a2nd ed. | ||
| 260 |
_c2009 _bDorling Kindersley _aNoida |
||
| 300 | _axviii, 492 | ||
| 500 | _aContent pages available. | ||
| 650 | _acommunications | ||
| 942 | _cAA | ||
| 999 |
_c192802 _d192802 |
||